000
00186 a2200097 4500
020
_a
9780395920015
041
_a
eng
100
_a
Amanda Graham
245
_a
Educating Arthur
942
_c
K
999
_c
31285
_d
31283